000 00260nam a2200109Ia 4500
008 231212s1984 xx 000 0 und d
041 _aeng
082 _a660.283
100 _aDhake A.M.
245 _aTelevision Engineering
260 _aNew Delhi
_bButter
_c1984
999 _c959129
_d959129